Кольцо друидов (Запись № 13147438)

Подробности
000 -МАРКЕР
контрольное поле 02210nam0a2200397 4500
001 - ИДЕНТИФИКАТОР ЗАПИСИ
контрольное поле RU\NLR\BIBL_A\012789120
005 - ИДЕНТИФИКАТОР ВЕРСИИ
контрольное поле 20260406134454.0
010 ## - МЕЖДУНАРОДНЫЙ СТАНДАРТНЫЙ НОМЕР КНИГИ (ISBN)
Номер (ISBN) 978-5-86866-760-2
Тираж 1000
021 ## - НОМЕР ГОСУДАРСТВЕННОЙ РЕГИСТРАЦИИ
Код страны российская федерация
Номер 2022-7058
Номер Листа государственной регистраци КН-П-571
035 ## - ДРУГИЕ СИСТЕМНЫЕ НОМЕРА
Идентификатор записи (RuMoRGB)010973328
035 ## - ДРУГИЕ СИСТЕМНЫЕ НОМЕРА
Идентификатор записи (NLR Aleph) 012789120
100 ## - ДАННЫЕ ОБЩЕЙ ОБРАБОТКИ
Данные общей обработки 20220517d2022 |||y0rusy50 ca
101 0# - ЯЗЫК РЕСУРСА
Язык текста, звукозаписи и т.д. английский
-- русский
102 ## - СТРАНА ПУБЛИКАЦИИ ИЛИ ПРОИЗВОДСТВА
Страна публикации российская федерация
105 ## - ПОЛЕ КОДИРОВАННЫХ ДАННЫХ: ТЕКСТОВЫЕ МАТЕРИАЛЫ, МОНОГРАФИЧЕСКИЕ
Кодированные данные о монографическом текстовом документе a z 000zy
181 #0 - ПОЛЕ КОДИРОВАННЫХ ДАННЫХ: ВИД СОДЕРЖАНИЯ
Код вида содержания (ISBD) b3
Код характеристики содержания (ISBD) ab2e
181 #0 - ПОЛЕ КОДИРОВАННЫХ ДАННЫХ: ВИД СОДЕРЖАНИЯ
Код вида содержания (ISBD) i1
Код характеристики содержания (ISBD) ab2e
182 #0 - ПОЛЕ КОДИРОВАННЫХ ДАННЫХ: ТИП СРЕДСТВА
Код типа средства (ISBD) n - непосредственное
200 1# - ЗАГЛАВИЕ И СВЕДЕНИЯ ОБ ОТВЕТСТВЕННОСТИ
Основное заглавие Кольцо друидов
Сведения, относящиеся к заглавию рассказы об истории Великобритании
-- английский язык
-- книга для чтения в 7-8-м классе
-- учебное пособие
Первые сведения об ответственности Марианна Кауфман, Клара Кауфман
203 ## - ВИД СОДЕРЖАНИЯ И ТИП СРЕДСТВА
Вид содержания Изображение
-- Текст
Дополнительные сведения об издании визуальные
Тип средства непосредственные
210 ## - ПУБЛИКАЦИЯ, РАСПРОСТРАНЕНИЕ И ДР.
Место издания, распространения и т.д. Обнинск
Имя издателя, распространителя и т. д. Титул
Дата издания, распространения и т.д. 2022
215 ## - ФИЗИЧЕСКАЯ ХАРАКТЕРИСТИКА
Специфическое обозначение материала и объем 78, [1] с.
Другие сведения о физической характеристике ил.
Размеры 22
300 ## - ОБЩИЕ ПРИМЕЧАНИЯ
Текст примечания На обл.: The ring of the druids / M. & K. Kaufman
330 ## - РЕЗЮМЕ ИЛИ РЕФЕРАТ
Текст примечания Содержание книги способствует формированию устойчивых страноведческих знаний по истории Великобритании с помощью создания атмосферы эмоционального сопереживания с героями, живущими и действующими в ту или иную историческую эпоху
512 1# - ЗАГЛАВИЕ ОБЛОЖКИ
Связь между полями z20790
Заглавие обложки The ring of the druids
606 1# - НАИМЕНОВАНИЕ ТЕМЫ КАК ПРЕДМЕТ
Наименование темы Английский язык
Формальный подзаголовок Хрестоматии для средней школы
Системный номер авторитетной/нормативной записи 972309
Идентификатор авторитетной/нормативной записи RU\NLR\AUTH\6646032
686 3# - ИНДЕКСЫ ДРУГИХ КЛАССИФИКАЦИЙ
Индекс Ш143.21-93рус21[7/8]хрест
700 #1 - ИМЯ ЛИЦА - ПЕРВИЧНАЯ ОТВЕТСТВЕННОСТЬ
Материалы, к которым относится поле rus
Графика поля Кириллица
Начальный элемент ввода Кауфман
Часть имени, кроме начального элемента ввода М.Ю.
Расширение инициалов личного имени Марианна Юрьевна
Идентификатор авторитетной/нормативной записи RU\NLR\AUTH\7725689
Системный номер авторитетной/нормативной записи 8735
701 #1 - ИМЯ ЛИЦА - АЛЬТЕРНАТИВНАЯ ОТВЕТСТВЕННОСТЬ
Материалы, к которым относится поле rus
Графика поля Кириллица
Начальный элемент ввода Кауфман
Часть имени, кроме начального элемента ввода К. И.
Расширение инициалов личного имени Клара Исааковна
Идентификатор авторитетной/нормативной записи RU\NLR\AUTH\772241
Системный номер авторитетной/нормативной записи 112257
790 #1 - ИМЯ ЛИЦА - АЛЬТЕРНАТИВНАЯ ФОРМА
Материалы, к которым относится поле rus
Графика поля Латинская
Начальный элемент ввода Kaufman
Часть имени, кроме начального элемента ввода M. J.
Расширение инициалов личного имени Marianna Jur'evna
Идентификатор авторитетной/нормативной записи RU\NLR\AUTH\7725691
Системный номер авторитетной/нормативной записи 8737
790 #1 - ИМЯ ЛИЦА - АЛЬТЕРНАТИВНАЯ ФОРМА
Материалы, к которым относится поле rus
Графика поля Латинская
Начальный элемент ввода Kaufman
Часть имени, кроме начального элемента ввода K.I.
Расширение инициалов личного имени Klara Isaakovna
Идентификатор авторитетной/нормативной записи RU\NLR\AUTH\7725688
Системный номер авторитетной/нормативной записи 8734
942 ## - ДОПОЛНИТЕЛЬНЫЕ ЭЛЕМЕНТЫ ЗАПИСИ (АБИС)
Тип экземпляра АБИС Книга
980 ## - КОЛЛЕКЦИЯ
Название коллекции Национальная библиография
Экземпляры
Тип экземпляра Дата поступления Источник поступления Библиотека постоянного хранения Библиотека текущего хранения Место хранения Шифр хранения Штрих-код Статус не для выдачи
Книга 17.05.2022 Обязательный экземпляр РНБ (Московский) РНБ (Московский) Русский книжный фонд: издания с 1957 года, 8этаж, Хран. 2022-6/536 1-3781718  
Книга 17.05.2022 Обязательный экземпляр РНБ (Московский) РНБ (Московский) Обменный фонд   1-3781717